| 000 | 01612nam a2200445 a 4500 | ||
|---|---|---|---|
| 001 | 000003177 | ||
| 003 | DO-SdBNP | ||
| 005 | 20170925131613.0 | ||
| 007 | 000003177 | ||
| 008 | 090707s2007 dr a 000 0 spa d | ||
| 020 | _a9789993425694 | ||
| 040 |
_aBPMSU _bspa _cBPMSU |
||
| 082 |
_a808.53 _bM433e |
||
| 100 | 1 |
_aMatos Mosquete, Manuel, _b1944- |
|
| 245 | 1 | 0 |
_aEstrategias de captación de la voluntad popular en las elecciones de 2004. _cManuel Mato Moquete |
| 260 |
_aSanto Domingo : _bCONARE: _bINTEC, _c2007. |
||
| 300 |
_a304 p. : _bil. ; _c23 cm. |
||
| 500 | _aBibliografía: p. 297-304. | ||
| 504 | _aIncluye referencias bibliográficas y notas al pie de las páginas. | ||
| 600 | 1 | 4 |
_aFERNÁNDEZ REYNA, LEONEL, _d1953- |
| 600 | 1 | 4 |
_aESTRELLA, EDUARDO, _d1953- |
| 600 | 1 | 4 |
_aMEJÍA, HIPÓLITO, _d1941- |
| 600 | 1 | 4 |
_aBOSCH, JUAN, _d1909-2001 |
| 650 | 4 | _aORATORÍA POLÍTICA | |
| 650 | 4 | _aANÁLISIS DEL DISCURSO | |
| 650 | 4 | _aANÁLISIS LINGUÍSTICO | |
| 650 | 4 |
_aCAMPAÑA ELECTORAL _zREPÚBLICA DOMINICANA |
|
| 650 | 4 | _aDISCURSOS POLÍTICOS | |
| 710 | 1 | _aConsejo Nacional de Reforma del Estado | |
| 710 | 1 | _aInstituto Tecnológico de Santo Domingo | |
| 910 | _aValidado. Control de calidad BNPHU | ||
| 930 | 1 |
_lBND01 _mLF1 _h808.53 _820090707 _f04 _pCT _g596 |
|
| 930 | 1 |
_lBND01 _mLF1 _h808.53 _820090716 _f04 _pCT _g596 _he. 2 |
|
| 942 |
_2ddc _cBK |
||
| 945 | _aInventariado, 2017/MFF | ||
| 956 |
_aAVARGAS _b10 _c20090707 _lBND01 _h0827 |
||
| 956 |
_aBTAVAREZ _b10 _c20100223 _lBND01 _h1400 |
||
| 956 |
_aMMOLINA _b40 _c20140520 _lBND01 _h1146 |
||
| 956 |
_aVMATEO _b10 _c20150805 _lBPMSU _h00151 |
||
| 999 |
_c8072 _d8072 |
||